000 00585nam a2200193 i 4500
001 61955
003 ES-MaACL
005 20250930063056.0
007 t|
008 031114s1912 it ||||1| ita d
100 1 _aFechner, Gustav Theodor,
_d1801-1887
_949050
245 1 0 _aAnatomia comparadta degli angeli /
_cGustave Theodor Fechner , traduzione di Guido Libertini.
260 _aFirenze :
_b[s.n.,
_c1912]
490 1 _aProse ;
_v6
650 7 _aÁngeles
_2embne
_99825
830 0 _aProse ;
_v6
_9230619
852 _aES-MaACL
_jT-1318-F-1
999 _c61955
_d61955